Language and mind
Uloženo v:
| Hlavní autor: | |
|---|---|
| Médium: | Kniha |
| Jazyk: | angličtina |
| Vydáno: |
Nueva York
Cambridge University Press
2006
|
| Vydání: | 3a. ed |
| Témata: | |
| Tagy: |
Přidat tag
Žádné tagy, Buďte první, kdo vytvoří štítek k tomuto záznamu!
|
MARC
| LEADER | 00000nam a2200000 a 4500 | ||
|---|---|---|---|
| 001 | UCI1045 | ||
| 003 | CL-VaPUC | ||
| 008 | 070615e20060000US |||||||||||||||||eng|d | ||
| 020 | |a 052167493X | ||
| 082 | 0 | 4 | |a 410 |b CHO |2 21 |
| 100 | 0 | |a Chomsky, Noam |e author |9 320717 | |
| 245 | 1 | 0 | |a Language and mind |
| 250 | |a 3a. ed | ||
| 300 | |a 190 p | ||
| 942 | |c BK | ||
| 945 | |d 20070615 00:00:00 |a jtorresc | ||
| 260 | |a Nueva York |b Cambridge University Press |c 2006 | ||
| 650 | 0 | |a Lingüística |9 265068 | |
| 650 | 0 | |a Lenguaje |9 265069 | |
| 650 | 7 | |a TEORIA LINGUISTICA |2 CL-VaPUC |9 334835 | |
| 650 | 7 | |a ENTENDIMIENTO |2 CL-VaPUC |9 350593 | |
| 583 | |a last modification |c 20070615 00:00:00 |k Rodrigo Vera | ||
| 999 | |c 325963 |d 325961 | ||
| 952 | |0 0 |1 0 |4 0 |6 410_000000000000000_CHO_2006 |7 0 |8 A |9 407518 |a FDOPOS |b FDOPOS |d 2019-11-22 |i 4349180 |o 410 CHO 2006 |p 4349180 |r 2025-01-22 |w 2019-11-22 |y BK |k MLA | ||